NHL No.1 Draft Picks - Statistics

General Stats
  • This quiz has been taken 41 times
    6 since last reset
  • The average score is 31 of 63
Answer Stats
Year Team Amateur League Amateur Team Player % Correct
2020 New York Rangers QMJHL Rimouski Alexis Lafrenière
83%
2004 Washington Capitals RUS Dynamo Alex Ovechkin
83%
2016 Toronto Maple Leafs SWISS Zurich Auston Matthews
83%
2023 Chicago Blackhawks WHL Regina Connor Bedard
83%
2015 Edmonton Oilers OHL Erie Connor McDavid
83%
2019 New Jersey Devils NTDP USA U-18 Jack Hughes
83%
2009 New York Islanders OHL London John Tavares
83%
2024 San Jose Sharks H-EAST Boston University Macklin Celebrini
83%
2025 New York Islanders OHL Erie Matthew Schaefer
83%
2013 Colorado Avalanche QMJHL Halifax Nathan MacKinnon
83%
2017 New Jersey Devils QMJHL Halifax Nico Hischier
83%
2021 Buffalo Sabres BIG10 Michigan Owen Power
83%
2007 Chicago Blackhawks OHL London Patrick Kane
83%
2018 Buffalo Sabres SWEDEN Frolunda Rasmus Dahlin
83%
2011 Edmonton Oilers WHL Red Deer Ryan Nugent-Hopkins
83%
2005 Pittsburgh Penguins QMJHL Rimouski Sidney Crosby
83%
2008 Tampa Bay Lightning OHL Sarnia Steven Stamkos
83%
2014 Florida Panthers OHL Barrie Aaron Ekblad
67%
2006 St. Louis Blues USA USA U-18 Erik Johnson
67%
2001 Atlanta Thrashers RUSSIA-1 Spartak Ilya Kovalchuk
67%
1997 Boston Bruins OHL Sault Ste. Marie Greyhounds Joe Thornton
67%
2022 Montréal Canadiens FINLAND TPS Juraj Slafkovsky
67%
2003 Pittsburgh Penguins QMJHL Cape Breton Marc-Andre Fleury
67%
2012 Edmonton Oilers OHL Sarnia Nail Yakupov
67%
2010 Edmonton Oilers OHL Windsor Taylor Hall
67%
1993 Ottawa Senators QMJHL Victoriaville Tigres Alexandre Daigle
50%
1991 Quebec Nordiques OHL Oshawa Generals Eric Lindros
50%
1970 Buffalo Sabres OHA Montreal Junior Canadiens Gilbert Perreault
50%
1971 Montréal Canadiens QMJHL Quebec Remparts Guy Lafleur
50%
1984 Pittsburgh Penguins QMJHL Laval Voisins Mario Lemieux
50%
1989 Quebec Nordiques Sweden Nacka Mats Sundin
50%
1988 Minnesota North Stars WHL Prince Albert Raiders Mike Modano
50%
1990 Quebec Nordiques OHL Cornwall Royals Owen Nolan
50%
2000 New York Islanders NCAA Boston University Rick DiPietro
50%
2002 Columbus Blue Jackets OHL London Rick Nash
50%
1998 Tampa Bay Lightning QMJHL Rimouski Oceanic Vincent Lecavalier
50%
1978 Minnesota North Stars OHA Ottawa 67's Bobby Smith
33%
1996 Ottawa Senators WHL Prince Albert Raiders Chris Phillips
33%
1981 Winnipeg Jets (1979) QMJHL Cornwall Royals Dale Hawerchuk
33%
1973 New York Islanders OHA Ottawa 67's Denis Potvin
33%
1986 Detroit Red Wings NCAA Michigan State U. Joe Murphy
33%
1968 Montréal Canadiens QJHL Drummondville Rangers Michael Plasse
33%
1999 Atlanta Thrashers IHL Long Beach Ice Dogs Patrik Stefan
33%
1987 Buffalo Sabres QMJHL Granby Bisons Pierre Turgeon
33%
1992 Tampa Bay Lightning Czech Zlin ZPS AC Roman Hamrlik
33%
1985 Toronto Maple Leafs WHL Saskatoon Blades Wendel Clark
33%
1965 New York Rangers Montreal Jr. B Montreal Ranger Jr. B Andre Veilleux
17%
1966 Boston Bruins SJHL Estevan Bruins Barry Gibbs
17%
1972 New York Islanders OHA Toronto Marlboros Billy Harris
17%
1983 Minnesota North Stars R.I. Mount St. Charles H.S. Brian Lawton
17%
1995 Ottawa Senators OHL Detroit Jr. Red Wings Bryan Berard
17%
1964 Detroit Red Wings N/A Rosemount Midgets Claude Gauthier
17%
1977 Detroit Red Wings OHA St. Catharines Fincups Dale McCourt
17%
1980 Montréal Canadiens WHL Regina Pats Doug Wickenheiser
17%
1994 Florida Panthers OHL Windsor Spitfires Ed Jovanovski
17%
1963 Montréal Canadiens N/A St. Michael's Juveniles Garry Monahan
17%
1982 Boston Bruins WHL Billings Bighorns Gord Kluzak
17%
1974 Washington Capitals WCHL Regina Pats Greg Joly
17%
1975 Philadelphia Flyers WCHL Victoria Cougars Mel Bridgman
17%
1969 Montréal Canadiens OHA Montreal Junior Canadiens Rejean Houle
17%
1976 Washington Capitals OHA London Knights Rick Green
17%
1967 Los Angeles Kings NOHA Garson-Falconbridge Rick Pagnutti
17%
1979 Colorado Rockies WHA Birmingham Bulls Rob Ramage
17%
No matching quizzes found
Score Distribution
Percent of People with Each Score
Percentile by Number Answered
Your Score History
You have not taken this quiz since the last reset